Java 5 illuminated : An active learning approach
This freshman textbook introduces the fundamentals of object-oriented programming, the syntax of the Java language, good software engineering principles, and effective testing techniques. The authors (Capitol College) show how to instantiate objects, call methods of classes, design user-defined clas...
Guardat en:
| Autor principal: | |
|---|---|
| Format: | Llibre |
| Idioma: | Undetermined |
| Publicat: |
Boston
Jones and Bartlett Publishers
2005
|
| Matèries: | |
| Etiquetes: |
Afegir etiqueta
Sense etiquetes, Sigues el primer a etiquetar aquest registre!
|
| Thư viện lưu trữ: | Trung tâm Học liệu Trường Đại học Cần Thơ |
|---|
| LEADER | 00964nam a2200205Ia 4500 | ||
|---|---|---|---|
| 001 | CTU_237575 | ||
| 008 | 210402s9999 xx 000 0 und d | ||
| 082 | |a 005.133 | ||
| 082 | |b A547 | ||
| 100 | |a Anderson, Julie | ||
| 245 | 0 | |a Java 5 illuminated : | |
| 245 | 3 | |b An active learning approach | |
| 245 | 0 | |c Julie Anderson, Herve Franceschi | |
| 260 | |a Boston | ||
| 260 | |b Jones and Bartlett Publishers | ||
| 260 | |c 2005 | ||
| 520 | |a This freshman textbook introduces the fundamentals of object-oriented programming, the syntax of the Java language, good software engineering principles, and effective testing techniques. The authors (Capitol College) show how to instantiate objects, call methods of classes, design user-defined classes, and build graphical user interfaces. | ||
| 650 | |a Java (Ngôn ngữ chương trình máy tính),Java (Computer program language) | ||
| 904 | |i Truc | ||
| 980 | |a Trung tâm Học liệu Trường Đại học Cần Thơ | ||